Click the Queens of the Stone Age Song Title Ending - Statistics

General Stats
  • This quiz has been taken 53 times
  • The average score is 20 of 25
Answer Stats
Hint Answer % Correct
No One Knows
95%
Do It Again
92%
Go With the Flow
92%
The Vampyre of Time and Memory
92%
I Sat by the Ocean
92%
The Lost Art of Keeping a Secret
92%
Make It Wit Chu
89%
Little Sister
89%
First It Giveth
87%
In My Head
87%
Feel Good Hit of the Summer
87%
Burn the Witch
87%
Leg of Lamb
84%
Better Living Through Chemistry
82%
A Song for the Dead
82%
Regular John
79%
Smooth Sailing
79%
My God is the Sun
79%
I Appear Missing
74%
If I Had a Tail
71%
God Is in the Radio
68%
In the Fade
61%
I Think I Lost My Headache
61%
Monsters in the Parasol
61%
Someone's in the Wolf
53%
No matching quizzes found
Score Distribution
Percent of People with Each Score
Percentile by Number Answered
Your Score History
You have not taken this quiz